000 00431nam a2200181Ia 4500
001 19368
005 20260306172648.0
008 260306t2014||||xx |||||||||||||| ||spa||
041 _aESP
082 _a658.848
_bC36 2014
100 _aCateora, Philip R.
_eAUT
245 0 _aMarketing internacional
260 _c2014
300 _axxx, 626 páginas :
_c27 cm.
650 _aGEN
654 _aCAN
942 _cLIB
_dJUS
_fJUS
_2ddc
_n
999 _c19368
_d19368